|
|
|
|
| LEADER |
00000nab a2200000 a 4500 |
| 001 |
vtls000165826 |
| 003 |
SK-MaSNL |
| 005 |
20260305024318.0 |
| 008 |
150501c1983 xo 0 slo |
| 015 |
|
|
|a SNBRB19rr/mm-uuuuu
|
| 035 |
|
|
|a CL0175937
|
| 040 |
|
|
|a SNKBUCL
|b slo
|c SNKBUCL
|e AACR2
|
| 041 |
0 |
|
|a slo
|
| 044 |
|
|
|a xo
|c SK
|
| 080 |
|
|
|a 338.26
|2 1981
|
| 100 |
1 |
|
|a Gollnow, Gustav
|4 aut
|9 1603074
|
| 245 |
1 |
0 |
|a Organizačná stránka komplexnej prípravy päťročného plánu v kombinátoch a podnikoch národného hospodárstva NDR
|c Gustav Gollnow
|
| 300 |
|
|
|b Res. rus., angl., nem.
|
| 650 |
0 |
7 |
|a národné hospodárstvo
|2 snkbucl
|9 846
|
| 650 |
0 |
7 |
|a plánovanie
|2 snkbucl
|9 15324
|
| 651 |
|
7 |
|a Nemecká demokratická republika
|2 snkbucl
|9 74579
|
| 655 |
|
7 |
|a články z novín a časopisov
|2 snkbucl
|9 267496
|
| 773 |
0 |
|
|t Vedecké riadenie
|g Roč. 13, č. 1 (1983), s. 17-22
|
| 850 |
|
|
|a Slovenská národná knižnica v Martine
|a MTA001
|
| 852 |
|
|
|a SNK
|b KIS3GCP
|
| 958 |
|
|
|a RK
|
| 958 |
|
|
|a DE
|
| 992 |
|
|
|a RBX
|
| 999 |
|
|
|c 3301596
|d 3303526
|